[Event "Andorra op 40th"]
[Site "Escaldes"]
[Date "2024.07.28"]
[Round "9"]
[White "Nied, Pascal"]
[Black "Jimenez Fernandez, Rebeca"]
[Result "0-1"]
[WhiteElo "2137"]
[BlackElo "2073"]
[PlyCount "118"]
[EventDate "2024.07.20"]
[EventType "swiss"]
[EventRounds "9"]
[EventCountry "AND"]
[SourceTitle "CBM 221 Extra"]
[Source "ChessBase"]
[SourceDate "2024.09.30"]
[SourceVersion "1"]
[SourceVersionDate "2024.09.30"]
[SourceQuality "1"]

1. e4 c6 2. d4 d5 3. Nd2 dxe4 4. Nxe4 Nf6 5. Nxf6+ exf6 6. Be3 Bd6 7. Bd3 Na6 8. a3 Nc7 9. c4 0-0 10. Ne2 Re8 11. 0-0 Be6 12. Qd2 Qd7 13. Ng3 Rad8 14. Rfe1 f5 15. f4 g6 16. Ne2 Be7 17. Bf2 Bf6 18. Rad1 Re7 19. Kh1 Qe8 20. Qc1 Qf8 21. Bb1 Qg7 22. b3 b6 23. Rd2 Bc8 24. Red1 Bb7 25. Ba2 Red7 26. Bb1 Ne6 27. d5 cxd5 28. cxd5 Rxd5 29. Rxd5 Bxd5 30. Qc2 Qf8 31. b4 Qd6 32. Kg1 Nxf4 33. Ba2 Nxe2+ 34. Qxe2 Qe6 35. Qxe6 fxe6 36. Bxd5 Rxd5 37. Rxd5 exd5 38. Kf1 Kf7 39. Ke2 Ke6 40. Kd3 Be5 41. h3 Bd6 42. Bd4 Kd7 43. Bf6 b5 44. Bg7 Bf4 45. Bd4 a6 46. Bb2 Kd6 47. Ke2 Be5 48. Bc1 Ba1 49. Kd3 Be5 50. Ke2 d4 51. Kd3 Kd5 52. Bh6 Bf6 53. Bf4 g5 54. Bg3 f4 55. Bf2 h5 56. Be1 g4 57. Bd2 gxh3 58. gxh3 f3 59. a4 Be5 0-1

[Event "Andorra op 40th"]
[Site "Escaldes"]
[Date "2024.07.21"]
[Round "2"]
[White "Kogan, Artur"]
[Black "Nied, Pascal"]
[Result "1-0"]
[WhiteElo "2466"]
[BlackElo "2137"]
[PlyCount "63"]
[EventDate "2024.07.20"]
[EventType "swiss"]
[EventRounds "9"]
[EventCountry "AND"]
[SourceTitle "CBM 221 Extra"]
[Source "ChessBase"]
[SourceDate "2024.09.30"]
[SourceVersion "1"]
[SourceVersionDate "2024.09.30"]
[SourceQuality "1"]

1. Nf3 d5 2. g3 Nf6 3. Bg2 e6 4. 0-0 Be7 5. d3 0-0 6. Nbd2 a5 7. e4 a4 8. e5 Nfd7 9. Re1 c5 10. Nf1 Nc6 11. h4 a3 12. N1h2 f6 13. exf6 Bxf6 14. c3 axb2 15. Bxb2 Nde5 16. Nxe5 Nxe5 17. f4 Nf7 18. Nf3 Nd6 19. Ng5 Nf5 20. Nxe6 Bxe6 21. Rxe6 Nxg3 22. Qf3 Nf5 23. Qxd5 Kh8 24. h5 Ra6 25. Rae1 Rxe6 26. Rxe6 b5 27. Qxc5 Be7 28. Qxb5 Bd6 29. Bc1 Qc8 30. Qc4 Bc5+ 31. Kh2 Nh4 32. Be4 1-0

[Event "Baden-Baden op"]
[Site "Baden-Baden"]
[Date "2024.02.12"]
[Round "7"]
[White "Koellner, Ruben Gideon"]
[Black "Nied, Pascal"]
[Result "1/2-1/2"]
[WhiteElo "2465"]
[BlackElo "2099"]
[PlyCount "141"]
[EventDate "2024.02.09"]
[EventType "swiss"]
[EventRounds "9"]
[EventCountry "GER"]
[SourceTitle "CBM 218 Extra"]
[Source "ChessBase"]
[SourceDate "2024.03.31"]
[SourceVersion "1"]
[SourceVersionDate "2024.03.31"]
[SourceQuality "1"]

1. d4 d5 2. Nf3 Nf6 3. e3 c5 4. Nbd2 cxd4 5. exd4 Qc7 6. c3 Nc6 7. h3 Bf5 8. Nh4 Bd7 9. Bd3 e5 10. dxe5 Qxe5+ 11. Be2 Bc5 12. Nhf3 Qc7 13. Nb3 Bd6 14. 0-0 h6 15. Nbd4 a6 16. Nxc6 bxc6 17. Bxa6 0-0 18. Bd3 c5 19. Re1 Rfb8 20. Nh4 Bh2+ 21. Kh1 Bf4 22. Nf5 Be6 23. Bxf4 Qxf4 24. Ne7+ Kf8 25. Rxe6 Rxb2 26. Re2 Rxe2 27. Qxe2 Re8 28. Nxd5 Nxd5 29. Qf3 Qxf3 30. gxf3 Nxc3 31. a4 Rd8 32. Bf1 Ke7 33. a5 Kd6 34. a6 Kc6 35. a7 Ra8 36. Bd3 c4 37. Bxc4 Nb5 38. Bxf7 Rxa7 39. Be8+ Kd5 40. Rd1+ Nd4 41. Kg2 Re7 42. Bc6+ Kc5 43. Be4 Ra7 44. Kg3 Ra2 45. Kf4 Ra3 46. h4 Ra7 47. Kg4 Re7 48. Kh5 Rf7 49. Kg6 Re7 50. Rb1 Ne6 51. Rb7 Nf8+ 52. Kf5 Rxb7 53. Bxb7 Kd6 54. h5 Ke7 55. Bd5 Kd6 56. Bf7 Ke7 57. Bb3 Kd6 58. f4 Ke7 59. Ba4 Kd6 60. Bb5 Ke7 61. Ke5 Nh7 62. Be2 Nf8 63. Bd1 Nd7+ 64. Kf5 Nf8 65. Ba4 Kd6 66. Bb5 Ke7 67. Ke5 Nh7 68. Bd3 Nf8 69. Bf5 Kf7 70. Bd3 Ke7 71. Bb5 1/2-1/2

[Event "Oberliga Baden 2324"]
[Site "Germany"]
[Date "2024.01.14"]
[Round "5.3"]
[White "Nied, Pascal"]
[Black "Postoev Birkenberg, Alexander"]
[Result "0-1"]
[WhiteElo "2156"]
[BlackElo "2296"]
[PlyCount "54"]
[EventDate "2023.09.17"]
[EventType "team-tourn"]
[EventRounds "9"]
[EventCountry "GER"]
[SourceTitle "EXT 2025"]
[Source "ChessBase"]
[SourceDate "2024.10.14"]
[SourceVersion "1"]
[SourceVersionDate "2024.10.14"]
[SourceQuality "1"]
[WhiteTeam "Untergrombach"]
[BlackTeam "Hockenheim"]
[WhiteTeamCountry "GER"]
[BlackTeamCountry "GER"]

1. e4 c5 2. Nf3 Nf6 3. e5 Nd5 4. Nc3 Nxc3 5. dxc3 Nc6 6. Bf4 e6 7. Qd2 Qc7 8. h4 h6 9. 0-0-0 a6 10. Kb1 b5 11. c4 bxc4 12. Bxc4 Na5 13. Bd3 c4 14. Be4 Rb8 15. Qe2 Ba3 16. b3 f5 17. Bxf5 0-0 18. Bh7+ Kxh7 19. Qe4+ Rf5 20. Nd4 Bb7 21. Qe3 Rf7 22. Rh3 Rbf8 23. Ne2 Bc5 24. Qd2 Qb6 25. g4 Be4 26. f3 Nxb3 27. axb3 Qxb3+ 0-1

[Event "Wch U18"]
[Site "Montesilvano"]
[Date "2023.11.21"]
[Round "8"]
[White "Kostolansky, Sebastian Lukas"]
[Black "Nied, Pascal"]
[Result "1-0"]
[WhiteElo "2427"]
[BlackElo "2172"]
[PlyCount "71"]
[EventDate "2023.11.13"]
[EventType "swiss"]
[EventRounds "11"]
[EventCountry "ITA"]
[SourceTitle "EXT 2025"]
[Source "ChessBase"]
[SourceDate "2024.10.14"]
[SourceVersion "1"]
[SourceVersionDate "2024.10.14"]
[SourceQuality "1"]

1. e4 e5 2. Nf3 Nc6 3. Bb5 Nf6 4. d3 Bc5 5. c3 d5 6. Nbd2 dxe4 7. dxe4 0-0 8. 0-0 a5 9. h3 Qe7 10. a4 Nb8 11. Qc2 h6 12. Re1 c6 13. Bf1 Re8 14. Nc4 Qc7 15. Bd2 Na6 16. Rad1 Nh5 17. g4 b5 18. axb5 cxb5 19. Ne3 Nf4 20. Bxb5 Nxh3+ 21. Kh2 Bxe3 22. Bxe3 Bxg4 23. Bxe8 Rxe8 24. Kg3 Re6 25. Qd3 Qc6 26. Kxg4 Nc5 27. Qd5 Rg6+ 28. Kxh3 Qc8+ 29. Kh2 Qg4 30. Qd8+ Kh7 31. Rg1 Qxf3 32. Qh4 Nxe4 33. Rxg6 fxg6 34. Rd7 g5 35. Qh3 Qf6 36. f3 1-0

[Event "Benidorm op-A"]
[Site "Benidorm"]
[Date "2023.11.01"]
[Round "4"]
[White "Bevia Martinez, Luis"]
[Black "Nied, Pascal"]
[Result "1/2-1/2"]
[WhiteElo "2033"]
[BlackElo "2151"]
[PlyCount "87"]
[EventDate "2023.10.29"]
[EventType "swiss"]
[EventRounds "9"]
[EventCountry "ESP"]
[SourceTitle "CBM 217 Extra"]
[Source "ChessBase"]
[SourceDate "2024.01.31"]
[SourceVersion "1"]
[SourceVersionDate "2024.01.31"]
[SourceQuality "1"]

1. e4 e6 2. d4 d5 3. Nc3 Nf6 4. Bg5 dxe4 5. Nxe4 Be7 6. Bxf6 gxf6 7. Nf3 f5 8. Nc3 a6 9. g3 b5 10. Bg2 Bb7 11. 0-0 0-0 12. Qd2 Nd7 13. a3 Bf6 14. Rad1 Nb6 15. b3 Qd6 16. Ne2 Qxa3 17. Nf4 Qe7 18. Nh5 Bg7 19. Rfe1 Bxf3 20. Bxf3 Rad8 21. Nxg7 Kxg7 22. d5 Qf6 23. Qf4 Rfe8 24. dxe6 Rxe6 25. Qxc7 Rc8 26. Rxe6 Qxe6 27. Qf4 Rxc2 28. Kg2 Nc8 29. Rd8 Qf6 30. Rd5 Ne7 31. Rd6 Ng6 32. Qh6+ Kxh6 33. Rxf6 Kg7 34. Rxa6 Ne5 35. Rb6 Nxf3 36. Kxf3 Rc3+ 37. Kf4 Rxb3 38. h4 Rb2 39. f3 Rb3 40. h5 h6 41. Rc6 b4 42. Rb6 Rb1 43. Kxf5 b3 44. Kg4 1/2-1/2

[Event "GER-chT Lands U20"]
[Site "Hannover"]
[Date "2023.10.05"]
[Round "7"]
[White "Gallasch, Jonas"]
[Black "Nied, Pascal"]
[Result "1/2-1/2"]
[WhiteElo "2269"]
[BlackElo "2245"]
[PlyCount "45"]
[EventDate "2023.10.01"]
[EventType "team-swiss"]
[EventRounds "7"]
[EventCountry "GER"]
[SourceTitle "CBM 216 Extra"]
[Source "ChessBase"]
[SourceDate "2023.11.30"]
[SourceVersion "1"]
[SourceVersionDate "2023.11.30"]
[SourceQuality "1"]

1. Nf3 d5 2. c4 e6 3. g3 Nf6 4. Bg2 d4 5. 0-0 Nc6 6. d3 Bc5 7. Na3 0-0 8. Nc2 a5 9. Bf4 Nd7 10. e3 dxe3 11. Bxe3 e5 12. d4 exd4 13. Nfxd4 Nxd4 14. Bxd4 Bxd4 15. Qxd4 Qf6 16. Rfe1 c6 17. Rad1 Qxd4 18. Rxd4 Nc5 19. Re5 Nd7 20. Re7 Nc5 21. Re5 Nd7 22. Re7 Nc5 23. Re5 1/2-1/2

[Event "GER-chT Lands U20"]
[Site "Hannover"]
[Date "2023.10.03"]
[Round "4"]
[White "Malinowsky, Levi"]
[Black "Nied, Pascal"]
[Result "1-0"]
[WhiteElo "2138"]
[BlackElo "2245"]
[PlyCount "105"]
[EventDate "2023.10.01"]
[EventType "team-swiss"]
[EventRounds "7"]
[EventCountry "GER"]
[SourceTitle "CBM 216 Extra"]
[Source "ChessBase"]
[SourceDate "2023.11.30"]
[SourceVersion "1"]
[SourceVersionDate "2023.11.30"]
[SourceQuality "1"]

1. e4 e6 2. d4 d5 3. Nc3 Nf6 4. e5 Nfd7 5. f4 c5 6. Nf3 Nc6 7. Be3 a6 8. Qd2 b5 9. dxc5 Bxc5 10. Bxc5 Nxc5 11. Bd3 Qb6 12. Qf2 b4 13. Ne2 a5 14. 0-0 Ba6 15. Rad1 Na4 16. Qxb6 Nxb6 17. b3 Nd7 18. Kf2 Nc5 19. Ke3 0-0 20. f5 f6 21. Bxa6 Rxa6 22. fxe6 fxe5 23. Rxd5 Nxe6 24. Rfd1 Nf4 25. Nxf4 exf4+ 26. Kf2 Ne7 27. Rc5 Rc6 28. Rxc6 Nxc6 29. Rd5 h6 30. Nd2 Ra8 31. Nc4 a4 32. Rd6 axb3 33. axb3 Ne7 34. Kf3 Nf5 35. Rd2 Rf8 36. Kxf4 Nd6+ 37. Ke5 Nxc4+ 38. bxc4 Re8+ 39. Kd4 Rd8+ 40. Ke3 Re8+ 41. Kf3 Rf8+ 42. Ke2 Re8+ 43. Kf3 Rf8+ 44. Ke4 Re8+ 45. Kf5 Re3 46. Rd8+ Kf7 47. Rd7+ Kf8 48. c5 g6+ 49. Kxg6 Rc3 50. Rd2 Ke7 51. Re2+ Kd7 52. Kxh6 Rxc5 53. g4 1-0

[Event "GER-ch U18"]
[Site "Willingen"]
[Date "2023.05.31"]
[Round "5"]
[White "Laux, Dominik"]
[Black "Nied, Pascal"]
[Result "0-1"]
[WhiteElo "2297"]
[BlackElo "2189"]
[PlyCount "80"]
[EventDate "2023.05.28"]
[EventType "swiss"]
[EventRounds "9"]
[EventCountry "GER"]
[SourceTitle "CBM 214 Extra"]
[Source "ChessBase"]
[SourceDate "2023.07.31"]
[SourceVersion "1"]
[SourceVersionDate "2023.07.31"]
[SourceQuality "1"]

1. e4 e5 2. Nf3 Nc6 3. Bc4 Bc5 4. c3 Nf6 5. d4 exd4 6. e5 d5 7. Bb5 Ne4 8. cxd4 Bb6 9. Nc3 0-0 10. Be3 Bg4 11. h3 Bh5 12. Qc2 Ba5 13. 0-0 Bxf3 14. gxf3 Ng5 15. Kg2 Bxc3 16. bxc3 Ne6 17. f4 f5 18. Kh2 Qh4 19. Qd1 Rad8 20. Qf3 Ne7 21. Rab1 c6 22. Be2 b5 23. a4 a6 24. Qg3 Qh6 25. Ra1 Ra8 26. Ra2 Ng6 27. Rfa1 Ngxf4 28. Bf3 Rac8 29. axb5 axb5 30. Ra6 g5 31. Rb6 Rf7 32. Raa6 Rfc7 33. Bxf4 Nxf4 34. Rxb5 Nxh3 35. Bxd5+ Kh8 36. Bc4 Nxf2+ 37. Kg2 Qh1+ 38. Kxf2 cxb5 39. Qxg5 Qh2+ 40. Kf3 Qh3+ 0-1

[Event "GER-ch U18"]
[Site "Willingen"]
[Date "2023.05.28"]
[Round "1"]
[White "Colbow, Collin"]
[Black "Nied, Pascal"]
[Result "1-0"]
[WhiteElo "2408"]
[BlackElo "2189"]
[PlyCount "55"]
[EventDate "2023.05.28"]
[EventType "swiss"]
[EventRounds "9"]
[EventCountry "GER"]
[SourceTitle "CBM 214 Extra"]
[Source "ChessBase"]
[SourceDate "2023.07.31"]
[SourceVersion "1"]
[SourceVersionDate "2023.07.31"]
[SourceQuality "1"]

1. e4 e5 2. Nf3 Nc6 3. Bb5 Nf6 4. d3 Bc5 5. Bxc6 dxc6 6. Nbd2 Be6 7. 0-0 Bd6 8. b3 Nd7 9. Nc4 Bxc4 10. dxc4 Qe7 11. a4 a5 12. Qe2 Nc5 13. Bb2 0-0 14. g3 f6 15. Nh4 g6 16. Rae1 Rae8 17. Ng2 Qe6 18. Qd2 b6 19. Qh6 Qf7 20. Re2 Re7 21. Rfe1 Rfe8 22. Kh1 Re6 23. Qh3 R6e7 24. f3 Ne6 25. Ne3 Rd7 26. f4 Nd4 27. Bxd4 exd4 28. Ng4 1-0

[Event "Oberliga Baden 2223"]
[Site "Germany"]
[Date "2023.03.19"]
[Round "8.1"]
[White "Nied, Pascal"]
[Black "Milov, Vadim"]
[Result "0-1"]
[WhiteElo "2131"]
[BlackElo "2609"]
[PlyCount "144"]
[EventDate "2022.09.18"]
[EventType "team-tourn"]
[EventRounds "9"]
[EventCountry "GER"]
[SourceTitle "EXT 2024"]
[Source "ChessBase"]
[SourceDate "2023.10.10"]
[SourceVersion "1"]
[SourceVersionDate "2023.10.10"]
[SourceQuality "1"]
[WhiteTeam "Untergrombach"]
[BlackTeam "Baden-Baden III"]
[WhiteTeamCountry "GER"]
[BlackTeamCountry "GER"]

1. e4 e5 2. Nf3 Nc6 3. Bb5 a6 4. Ba4 d6 5. 0-0 Bg4 6. h3 Bh5 7. c3 Nf6 8. Re1 Be7 9. d3 Nd7 10. Nbd2 Nc5 11. Bc2 Ne6 12. Nf1 Bg5 13. Ng3 Bxf3 14. Qxf3 h5 15. Bb3 Bxc1 16. Raxc1 Qg5 17. Nf5 h4 18. Ne3 0-0-0 19. Qxf7 Nf4 20. Be6+ Kb8 21. Bg4 Nxd3 22. Nd5 Rc8 23. Bxc8 Rxc8 24. Ne3 Qf4 25. Qxf4 exf4 26. Nd5 Nce5 27. f3 c6 28. Nb4 Nxc1 29. Rxc1 Kc7 30. Rd1 Re8 31. b3 g5 32. Kf2 Nd7 33. Nc2 a5 34. Nd4 Re5 35. c4 Nb6 36. Rc1 Kd7 37. Ne2 Rc5 38. Rd1 a4 39. Nc3 axb3 40. axb3 Ra5 41. Rd3 Ke7 42. Ne2 Ra3 43. Nc1 Ra2+ 44. Ne2 Ra3 45. Nc1 Nd7 46. Ke2 Nc5 47. Rc3 Na6 48. Rc2 Ra1 49. Nd3 Ke6 50. Kd2 Rg1 51. Kc3 Nc7 52. e5 d5 53. Nc5+ Kxe5 54. Re2+ Kf6 55. Nxb7 Ne6 56. cxd5 cxd5 57. Nd6 Rc1+ 58. Kd2 Rc6 59. Nb5 Rc5 60. Nc3 Nd4 61. Re8 Nxb3+ 62. Kd3 Ra5 63. Rd8 Ke6 64. Re8+ Kd6 65. Rd8+ Kc6 66. Rc8+ Kd7 67. Rg8 Nc5+ 68. Kd2 d4 69. Ne4 Ra2+ 70. Ke1 Nxe4 71. fxe4 Rxg2 72. Rg6 d3 0-1

[Event "Oberliga Baden 2223"]
[Site "Germany"]
[Date "2023.02.26"]
[Round "7.3"]
[White "Stemmler, Tim"]
[Black "Nied, Pascal"]
[Result "1-0"]
[WhiteElo "1999"]
[BlackElo "2131"]
[PlyCount "113"]
[EventDate "2022.09.18"]
[EventType "team-tourn"]
[EventRounds "9"]
[EventCountry "GER"]
[SourceTitle "EXT 2024"]
[Source "ChessBase"]
[SourceDate "2023.10.10"]
[SourceVersion "1"]
[SourceVersionDate "2023.10.10"]
[SourceQuality "1"]
[WhiteTeam "Ladenburg"]
[BlackTeam "Untergrombach"]
[WhiteTeamCountry "GER"]
[BlackTeamCountry "GER"]

1. d4 d5 2. c4 e6 3. Nc3 Nf6 4. cxd5 exd5 5. Bg5 c6 6. e3 Bd6 7. Bd3 0-0 8. Qc2 h6 9. Bh4 Re8 10. Nge2 a5 11. Bg3 Na6 12. a3 Nc7 13. 0-0 Ne6 14. Bxd6 Qxd6 15. Ng3 b5 16. Rfd1 Bb7 17. Nf5 Qd8 18. b4 Nf8 19. bxa5 g6 20. Ng3 Rxa5 21. a4 Ba6 22. axb5 Bxb5 23. Nxb5 cxb5 24. Rxa5 Qxa5 25. Qc6 Ne6 26. Qxb5 Qxb5 27. Bxb5 Rb8 28. Be2 Ng5 29. h4 Nge4 30. Nxe4 Nxe4 31. Bf3 Nf6 32. Ra1 Kf8 33. Ra5 Rd8 34. Kh2 Ke7 35. Kg3 g5 36. hxg5 hxg5 37. Ra7+ Ke6 38. Bg4+ Nxg4 39. Kxg4 f5+ 40. Kxg5 Rg8+ 41. Kf4 Rxg2 42. Ra6+ Kd7 43. Kxf5 Rxf2+ 44. Ke5 Rf3 45. Ra3 Rh3 46. Kxd5 Rh5+ 47. Kc4 Rh4 48. Ra6 Ke7 49. Kd3 Rh1 50. e4 Re1 51. d5 Rd1+ 52. Ke3 Re1+ 53. Kd4 Rh1 54. Ra7+ Ke8 55. e5 Re1 56. e6 Rc1 57. Ke5 1-0

[Event "Oberliga Baden 2223"]
[Site "Germany"]
[Date "2023.02.05"]
[Round "6.1"]
[White "Nied, Pascal"]
[Black "Rosner, Jonas"]
[Result "0-1"]
[WhiteElo "2131"]
[BlackElo "2454"]
[PlyCount "82"]
[EventDate "2022.09.18"]
[EventType "team-tourn"]
[EventRounds "9"]
[EventCountry "GER"]
[SourceTitle "EXT 2024"]
[Source "ChessBase"]
[SourceDate "2023.10.10"]
[SourceVersion "1"]
[SourceVersionDate "2023.10.10"]
[SourceQuality "1"]
[WhiteTeam "Untergrombach"]
[BlackTeam "Ettlingen"]
[WhiteTeamCountry "GER"]
[BlackTeamCountry "GER"]

1. e4 c5 2. Nf3 e6 3. d4 cxd4 4. Nxd4 a6 5. c4 Nf6 6. Nc3 Qc7 7. a3 b6 8. Be2 Bb7 9. f3 Be7 10. Be3 d6 11. 0-0 Nbd7 12. Rc1 0-0 13. Qd2 Rac8 14. Rfd1 Qb8 15. b4 h5 16. Nb3 h4 17. Na4 Bc6 18. Nb2 Rfe8 19. a4 Ba8 20. Nd3 d5 21. exd5 Bd6 22. dxe6 Bxh2+ 23. Kf1 fxe6 24. Bf4 Bxf4 25. Nxf4 e5 26. Nh3 e4 27. Nd4 e3 28. Qd3 Qh2 29. Qg6 Ne5 30. Qg5 Neg4 31. Bd3 e2+ 32. Bxe2 Re5 33. Qf4 Ne3+ 34. Kf2 Nfg4+ 35. fxg4 Rf8 36. Nf5 Qxg2+ 37. Ke1 Nxg4 38. Rc2 Qxh3 39. Qg5 Rexf5 40. Qxg4 Qe3 41. Rd7 Rf1# 0-1

[Event "Oberliga Baden 2223"]
[Site "Germany"]
[Date "2022.11.27"]
[Round "4.3"]
[White "Nied, Pascal"]
[Black "Hanisch, Joerg"]
[Result "1-0"]
[WhiteElo "2131"]
[BlackElo "2047"]
[PlyCount "77"]
[EventDate "2022.09.18"]
[EventType "team-tourn"]
[EventRounds "9"]
[EventCountry "GER"]
[SourceTitle "EXT 2024"]
[Source "ChessBase"]
[SourceDate "2023.10.10"]
[SourceVersion "1"]
[SourceVersionDate "2023.10.10"]
[SourceQuality "1"]
[WhiteTeam "Untergrombach"]
[BlackTeam "Sasbach"]
[WhiteTeamCountry "GER"]
[BlackTeamCountry "GER"]

1. e4 c5 2. Nf3 d6 3. d4 cxd4 4. Nxd4 Nf6 5. Nc3 a6 6. Be2 e5 7. Nf3 Be7 8. Bg5 Be6 9. Bxf6 Bxf6 10. Nd5 Nd7 11. Bc4 Rc8 12. Qe2 Nb6 13. Nxb6 Qxb6 14. Bb3 Qb4+ 15. Nd2 Bg5 16. c3 Bxd2+ 17. Kxd2 Qc5 18. Qe3 Qb5 19. Kc2 Bxb3+ 20. axb3 0-0 21. Rad1 Rfd8 22. Rd5 Rc5 23. Rhd1 Rxd5 24. Rxd5 Qc6 25. g3 Re8 26. Qd3 Re6 27. f4 exf4 28. gxf4 h6 29. f5 Rf6 30. Qd4 Kh7 31. h4 Qc7 32. h5 Qe7 33. Qd3 g6 34. hxg6+ fxg6 35. fxg6+ Kg8 36. e5 dxe5 37. Rd8+ Rf8 38. Qd5+ Kh8 39. Rd7 1-0

[Event "GER-chT Lands U20"]
[Site "Wiesbaden"]
[Date "2022.10.01"]
[Round "2.3"]
[White "Nied, Pascal"]
[Black "Leonard, Timo"]
[Result "0-1"]
[WhiteElo "2131"]
[BlackElo "2067"]
[PlyCount "108"]
[EventDate "2022.09.30"]
[EventType "team-swiss"]
[EventRounds "7"]
[EventCountry "GER"]
[SourceTitle "CBM 210 Extra"]
[Source "ChessBase"]
[SourceDate "2022.11.30"]
[SourceVersion "1"]
[SourceVersionDate "2022.11.30"]
[SourceQuality "1"]
[WhiteTeam "Baden U20"]
[BlackTeam "Nordrhein Westfalen U20"]
[WhiteTeamCountry "GER"]
[BlackTeamCountry "GER"]

1. e4 c6 2. d4 d5 3. exd5 cxd5 4. Bd3 Nc6 5. c3 Nf6 6. Bf4 Bg4 7. Qb3 Qd7 8. Nd2 e6 9. Ngf3 Bd6 10. Bxd6 Qxd6 11. 0-0 0-0 12. Rae1 Ne7 13. Ne5 Bf5 14. Qd1 Bxd3 15. Nxd3 Qa6 16. Qf3 Ng6 17. a3 Qb5 18. g4 Rae8 19. Qg3 h5 20. h3 h4 21. Qe3 Nd7 22. f4 Nb6 23. Rf2 Nc4 24. Nxc4 dxc4 25. Ne5 Ne7 26. Nf3 Ng6 27. Ne5 Ne7 28. Qe2 Rc8 29. Nf3 Ng6 30. Qe4 Rce8 31. f5 exf5 32. Qxf5 Qxf5 33. gxf5 Nf4 34. Kh2 Nd3 35. Rxe8 Rxe8 36. Rd2 Re3 37. Kg2 Kf8 38. Nxh4 Ke7 39. Nf3 Kf6 40. Ne5 Nxe5 41. dxe5+ Rxe5 42. Kg3 Rxf5 43. a4 Ra5 44. Rd7 b6 45. Rd6+ Ke7 46. Rd4 Rxa4 47. Kf4 b5 48. Rd5 a6 49. Rg5 g6 50. Rc5 Ra2 51. Rc7+ Kf8 52. Ra7 Rxb2 53. Ke5 Re2+ 54. Kf6 Rf2+ 0-1

[Event "GER-ch Youth-A"]
[Site "Willingen"]
[Date "2022.06.05"]
[Round "2"]
[White "Nied, Pascal"]
[Black "Schimnatkowski, Lukas"]
[Result "1-0"]
[WhiteElo "2030"]
[BlackElo "2206"]
[PlyCount "59"]
[EventDate "2022.06.04"]
[EventType "swiss"]
[EventRounds "9"]
[EventCountry "GER"]
[SourceTitle "CBM 208 Extra"]
[Source "ChessBase"]
[SourceDate "2022.07.31"]
[SourceVersion "1"]
[SourceVersionDate "2022.07.31"]
[SourceQuality "1"]

1. e4 c5 2. Nf3 d6 3. d4 cxd4 4. Nxd4 Nf6 5. Nc3 g6 6. Be2 Bg7 7. Be3 Nc6 8. Qd2 0-0 9. 0-0-0 Nxd4 10. Bxd4 Be6 11. g4 Nxg4 12. Bxg7 Kxg7 13. f4 Nf6 14. h4 Qa5 15. h5 Rac8 16. hxg6 fxg6 17. f5 Rxc3 18. fxe6 Rc5 19. Qh6+ Kg8 20. Rdg1 g5 21. e5 Rxe5 22. Bd3 Rf7 23. exf7+ Kxf7 24. a3 Qd5 25. Bxh7 Qa2 26. Bg6+ Ke6 27. Rxg5 Rxg5 28. Qxg5 Qa1+ 29. Kd2 Qxh1 30. Qf5# 1-0

[Event "Oberliga Baden 2122"]
[Site "Germany"]
[Date "2022.03.06"]
[Round "8.8"]
[White "Nied, Pascal"]
[Black "Eisenbeiser, Karlheinz"]
[Result "1-0"]
[WhiteElo "1981"]
[BlackElo "1914"]
[PlyCount "59"]
[EventDate "2021.10.10"]
[EventType "team-tourn"]
[EventRounds "11"]
[EventCountry "GER"]
[SourceTitle "EXT 2023"]
[Source "ChessBase"]
[SourceDate "2022.10.05"]
[SourceVersion "1"]
[SourceVersionDate "2022.10.05"]
[SourceQuality "1"]
[WhiteTeam "Untergrombach"]
[BlackTeam "Buchen"]
[WhiteTeamCountry "GER"]
[BlackTeamCountry "GER"]

1. e4 g6 2. d4 Bg7 3. Nc3 d5 4. exd5 Nf6 5. Bc4 Nbd7 6. Nf3 Nb6 7. Bb3 Nbxd5 8. Nxd5 Nxd5 9. 0-0 c6 10. h3 0-0 11. c4 Nc7 12. Be3 b6 13. Qd2 Bb7 14. Rad1 a5 15. Bc2 Na6 16. b3 Rc8 17. Be4 Ba8 18. h4 h5 19. Bh6 Qd6 20. Bb1 Bxh6 21. Qxh6 Qf6 22. Rfe1 e6 23. Ne5 Rc7 24. Rd3 Qg7 25. Qd2 Rd8 26. Rg3 Kf8 27. Nxg6+ fxg6 28. Rxg6 Qxd4 29. Qh6+ Rg7 30. Qh8+ 1-0

[Event "Oberliga Baden 2122"]
[Site "Germany"]
[Date "2021.10.24"]
[Round "2.8"]
[White "Nied, Pascal"]
[Black "Loechel, Thomas"]
[Result "1-0"]
[WhiteElo "1981"]
[BlackElo "2046"]
[PlyCount "139"]
[EventDate "2021.10.10"]
[EventType "team-tourn"]
[EventRounds "11"]
[EventCountry "GER"]
[SourceTitle "EXT 2023"]
[Source "ChessBase"]
[SourceDate "2022.10.05"]
[SourceVersion "1"]
[SourceVersionDate "2022.10.05"]
[SourceQuality "1"]
[WhiteTeam "Untergrombach"]
[BlackTeam "Hockenheim"]
[WhiteTeamCountry "GER"]
[BlackTeamCountry "GER"]

1. e4 c6 2. d4 d5 3. Nd2 dxe4 4. Nxe4 Nf6 5. Nxf6+ exf6 6. c3 Bd6 7. Bd3 0-0 8. Qc2 Re8+ 9. Ne2 g6 10. h4 Nd7 11. h5 Qe7 12. hxg6 fxg6 13. Bc4+ Kg7 14. Bh6+ Kh8 15. 0-0-0 Nb6 16. Bd3 Bf5 17. Bxf5 Qxe2 18. Bxg6 Qxc2+ 19. Bxc2 Re7 20. Rh5 Rae8 21. Be3 Nd7 22. Rh6 Rg7 23. Rdh1 Ree7 24. Bf5 Rgf7 25. R1h3 Nf8 26. Bd3 b5 27. Bc2 Rd7 28. g4 Rg7 29. Kd2 Be7 30. Bf5 Rd8 31. Kc2 Kg8 32. b3 a6 33. f3 a5 34. Be4 Rc8 35. c4 bxc4 36. bxc4 a4 37. R6h5 a3 38. Ra5 Rb8 39. Bc1 Ne6 40. Kd3 Rb1 41. Bxa3 Bxa3 42. Rxa3 Rd1+ 43. Ke3 Rxd4 44. Bxc6 Re7 45. Ra8+ Kg7 46. Be4 h6 47. Rc8 Rd1 48. Rh2 Ng5 49. Re2 h5 50. gxh5 f5 51. Rg2 Kf6 52. Rc6+ Ne6 53. Bd5 f4+ 54. Ke2 Ra1 55. Rg6+ Kf5 56. Bxe6+ Ke5 57. Rg5+ Kd4 58. Rd5+ Kc3 59. Rd3+ Kc2 60. Rd2+ Kc3 61. Rd3+ Kc2 62. c5 Rg7 63. Bg4 Re7+ 64. Re6 Rb7 65. c6 Rbb1 66. Rd2+ Kc3 67. Rc2+ Kd4 68. Re4+ Kd5 69. c7 Rb8 70. cxb8N 1-0

[Event "GER-chT Lands U20"]
[Site "Neumuenster"]
[Date "2021.10.06"]
[Round "7.3"]
[White "Peglau, Dora"]
[Black "Nied, Pascal"]
[Result "1-0"]
[WhiteElo "1880"]
[BlackElo "1878"]
[PlyCount "45"]
[EventDate "2021.10.01"]
[EventType "team-swiss"]
[EventRounds "7"]
[EventCountry "GER"]
[SourceTitle "CBM 204 Extra"]
[Source "ChessBase"]
[SourceDate "2021.11.30"]
[SourceVersion "1"]
[SourceVersionDate "2021.11.30"]
[SourceQuality "1"]
[WhiteTeam "Sachsen"]
[BlackTeam "Baden"]
[WhiteTeamCountry "GER"]
[BlackTeamCountry "GER"]

1. d4 d5 2. c4 e6 3. Nc3 Nf6 4. Bg5 c6 5. e3 Nbd7 6. cxd5 exd5 7. Nf3 Bd6 8. Bd3 0-0 9. 0-0 Re8 10. Qc2 h6 11. Bh4 Nf8 12. Rab1 a5 13. a3 Bg4 14. b4 N8d7 15. bxa5 Qc7 16. Bg3 Bxg3 17. hxg3 Rxa5 18. Rb3 Rea8 19. Rfb1 Rxa3 20. Nb5 Rxb3 21. Nxc7 Rxb1+ 22. Qxb1 Ra7 23. Ne5 1-0